Implementation of Advanced Model Predictive Control Approaches
Salvato in:
| Autore principale: | |
|---|---|
| Altri autori: | |
| Natura: | Manoscritto Libro |
| Lingua: | slovacco inglese |
| Pubblicazione: |
2025
|
| Soggetti: | |
| Accesso online: | http://is.stuba.sk/zp/portal_zp.pl?podrobnosti=183420 |
| Tags: |
Nessun Tag, puoi essere il primo ad aggiungerne!!
|
MARC
| LEADER | 00000ntm a22000003a 4500 | ||
|---|---|---|---|
| 001 | stuzp105253 | ||
| 003 | SK-STU | ||
| 005 | 20250607211351.0 | ||
| 007 | ta | ||
| 008 | 150427s2015----xo-----f-mn---000-0-slo-d | ||
| 040 | |a STU |b slo | ||
| 041 | 0 | |a eng | |
| 100 | 1 | |a Serhiienko, Sofiia |u 047220 |k Z4 |4 aut |U FCHPT Ústav informatizácie, automatizácie a matematiky |T FCHPT Oddelenie informatizácie a riadenia procesov |X 112832 |U C7220 |Y 121 |7 112832 | |
| 242 | 0 | 1 | |a Implementácia pokročilých prístupov prediktívneho riadenia |y slo |
| 245 | 1 | 0 | |a Implementation of Advanced Model Predictive Control Approaches |
| 260 | |c 2025 | ||
| 650 | 4 | |a robust control |2 eng | |
| 650 | 4 | |a inner set approximation methods |2 eng | |
| 650 | 4 | |a uncertain systems |2 eng | |
| 650 | 4 | |a complexity reduction |2 eng | |
| 650 | 4 | |a tube model predictive control |2 eng | |
| 650 | 4 | |a neurčité systémy |2 slo | |
| 650 | 4 | |a zníženie výpočtovej náročnosti |2 slo | |
| 650 | 4 | |a metódy vnútornej aproximácie množín |2 slo | |
| 650 | 4 | |a prediktívne riadenie založené na tube |2 slo | |
| 650 | 4 | |a robustné riadenie |2 slo | |
| 700 | 1 | |a Holaza, Juraj |u 047220 |k Z1 |4 ths |U FCHPT Ústav informatizácie, automatizácie a matematiky |T FCHPT Oddelenie informatizácie a riadenia procesov |X 50911 |U C7220 |Y 121 |7 A0000050911 | |
| 856 | 4 | |u http://is.stuba.sk/zp/portal_zp.pl?podrobnosti=183420 | |